A légszesz és a villanyáram új egységárainak megállapítása A légszeszgyár a közönséghez
Elmentve itt :
| Dokumentumtípus: | Cikk |
|---|---|
| Megjelent: |
1919-05-24
|
| Sorozat: | Délmagyarország
8 No. 117 |
| Kulcsszavak: | Buócz Károly, Gáz ára, Gazdasági élet Szeged 1919 |
| Online Access: | http://dmarchiv.bibl.u-szeged.hu/44578 |
| LEADER | 00517nab a2200145 i 4500 | ||
|---|---|---|---|
| 001 | delm44578 | ||
| 005 | 20180927131934.0 | ||
| 008 | 180927s1919 hu o 0|| hun d | ||
| 040 | |a SZTE Délmagyarország Archívum |b hun | ||
| 041 | |a hun | ||
| 245 | 0 | 2 | |a A légszesz és a villanyáram új egységárainak megállapítása |h [elektronikus dokumentum] : |b A légszeszgyár a közönséghez |
| 260 | |c 1919-05-24 | ||
| 300 | |a 3-4 | ||
| 490 | 0 | |a Délmagyarország |v 8 No. 117 | |
| 695 | |a Buócz Károly, Gáz ára, Gazdasági élet Szeged 1919 | ||